[Event "Santiago Oriental zt"]
[Site "Santiago"]
[Date "2024.01.24"]
[Round "5"]
[White "Roll Renford, Evelio Amaurys"]
[Black "Rosabal Contreras, Yonisbel"]
[Result "0-1"]
[WhiteElo "2247"]
[BlackElo "2223"]
[PlyCount "102"]
[EventDate "2024.01.21"]
[EventType "tourn"]
[EventRounds "9"]
[EventCountry "CUB"]
[SourceTitle "CB06_2024"]
[SourceDate "2024.02.07"]
[SourceVersion "1"]
[SourceVersionDate "2024.02.07"]
[SourceQuality "1"]

1. e4 c5 2. Nf3 d6 3. d4 cxd4 4. Nxd4 Nf6 5. Nc3 Nc6 6. Bg5 e6 7. Bb5 Bd7 8. Bxc6 bxc6 9. Qf3 Qa5 10. Bxf6 gxf6 11. Qxf6 Rg8 12. Nb3 Qh5 13. Qf3 Qxf3 14. gxf3 Bh6 15. Ke2 Bf4 16. Rag1 Ke7 17. Nc1 Rxg1 18. Rxg1 Bxh2 19. Rg4 Be5 20. Nd1 h5 21. Rh4 Rh8 22. Nd3 Bf6 23. Rh2 e5 24. Ne3 h4 25. c4 Be6 26. b3 Bg5 27. c5 f6 28. cxd6+ Kxd6 29. Rh1 h3 30. Ng4 c5 31. Nb2 Ke7 32. Ne3 Bxe3 33. Kxe3 h2 34. Nc4 Bxc4 35. bxc4 Rh3 36. Ke2 Ke6 37. a4 a5 38. Kf1 Rxf3 39. Rxh2 Rc3 40. Rh8 Rxc4 41. Rc8 Rxe4 42. Rxc5 Rxa4 43. Rc6+ Kf5 44. Ra6 Ra2 45. Kg2 e4 46. Kg3 Kg5 47. Ra8 Ra3+ 48. Kg2 Kf4 49. Ra6 f5 50. Ra8 Ra2 51. Re8 a4 0-1

[Event "Santiago Oriental zt"]
[Site "Santiago"]
[Date "2024.01.22"]
[Round "3"]
[White "Roll Renford, Evelio Amaurys"]
[Black "Charon Mustelier, Manuel"]
[Result "1-0"]
[WhiteElo "2247"]
[BlackElo "2141"]
[PlyCount "83"]
[EventDate "2024.01.21"]
[EventType "tourn"]
[EventRounds "9"]
[EventCountry "CUB"]
[SourceTitle "CB06_2024"]
[SourceDate "2024.02.07"]
[SourceVersion "1"]
[SourceVersionDate "2024.02.07"]
[SourceQuality "1"]

1. e4 e6 2. d4 d5 3. e5 c5 4. c3 Qb6 5. Nf3 Bd7 6. Bd3 Bb5 7. 0-0 Bxd3 8. Qxd3 Nc6 9. dxc5 Bxc5 10. b4 Bf8 11. Na3 Nh6 12. Be3 Qd8 13. Bxh6 gxh6 14. Nb5 a6 15. Nbd4 Qc7 16. Rfe1 Bg7 17. Nxc6 bxc6 18. c4 0-0 19. Rac1 Qb7 20. a3 a5 21. cxd5 cxd5 22. b5 a4 23. Nd4 Rfc8 24. Nc6 Rc7 25. Rc2 Qb6 26. Kh1 Rb7 27. Rb1 f6 28. exf6 Bxf6 29. Qh3 Re8 30. Qg4+ Kh8 31. Qxa4 d4 32. Qb3 Rd7 33. Qd3 Ra8 34. h3 Bg7 35. Rc4 Rf7 36. f3 Qc7 37. b6 Qb7 38. a4 Rd7 39. a5 Rd6 40. Na7 Rad8 41. Rc7 Qd5 42. Nc6 1-0

[Event "Santiago Oriental zt"]
[Site "Santiago"]
[Date "2024.01.21"]
[Round "2"]
[White "Torres Valiente, Brayan"]
[Black "Roll Renford, Evelio Amaurys"]
[Result "0-1"]
[WhiteElo "2256"]
[BlackElo "2247"]
[PlyCount "120"]
[EventDate "2024.01.21"]
[EventType "tourn"]
[EventRounds "9"]
[EventCountry "CUB"]
[SourceTitle "CB06_2024"]
[SourceDate "2024.02.07"]
[SourceVersion "1"]
[SourceVersionDate "2024.02.07"]
[SourceQuality "1"]

1. e4 c5 2. Nf3 e6 3. Nc3 a6 4. d4 cxd4 5. Nxd4 Qc7 6. Bd3 Nc6 7. Nxc6 dxc6 8. 0-0 e5 9. a4 Nf6 10. b3 Bc5 11. Ne2 Qe7 12. Ng3 Bg4 13. Qe1 h5 14. h3 h4 15. Ne2 Bd7 16. Kh2 Nh5 17. Bd2 g5 18. b4 Bb6 19. b5 g4 20. bxc6 Bxc6 21. Rb1 Bxf2 22. Rxf2 g3+ 23. Kh1 gxf2 24. Qxf2 Rg8 25. Qf5 Ng3+ 26. Nxg3 hxg3 27. Rf1 Qe6 28. a5 Qxf5 29. Rxf5 f6 30. Rxf6 0-0-0 31. Be1 Bb5 32. Rf3 Bxd3 33. cxd3 Rgf8 34. Rxf8 Rxf8 35. Bxg3 Rd8 36. Bxe5 Rxd3 37. h4 Re3 38. Bf6 Rxe4 39. g3 Kd7 40. Kg2 Ke6 41. Bd8 Kf5 42. Kh3 Rd4 43. Bc7 Rd3 44. Bf4 Rb3 45. Bd2 Kg6 46. Kg4 b5 47. axb6 Rxb6 48. h5+ Kh7 49. Kh4 Rb2 50. Bc3 Rf2 51. Kg5 Rc2 52. Bd4 Rc4 53. Bb2 a5 54. Kf5 a4 55. g4 Rc2 56. Bd4 Rh2 57. Bc5 Rh3 58. Ke4 a3 59. g5 a2 60. g6+ Kh6 0-1

[Event "Las Tunas Guerrero Memorial-B"]
[Site "Las Tunas"]
[Date "2020.02.18"]
[Round "4.1"]
[White "Parra Gomez, Adrian"]
[Black "Roll Renford, Evelio Amaurys"]
[Result "0-1"]
[WhiteElo "2208"]
[BlackElo "2211"]
[PlyCount "124"]
[EventDate "2020.02.16"]
[EventType "tourn"]
[EventRounds "10"]
[EventCountry "CUB"]
[SourceTitle "EXT 2023"]
[Source "ChessBase"]
[SourceDate "2022.10.05"]
[SourceVersion "1"]
[SourceVersionDate "2022.10.05"]
[SourceQuality "1"]

1. d4 Nf6 2. c4 g6 3. Nc3 Bg7 4. e4 d6 5. Nf3 0-0 6. Be2 e5 7. 0-0 Nc6 8. d5 Ne7 9. Ne1 Nd7 10. Be3 f5 11. f3 f4 12. Bf2 g5 13. a4 Rf7 14. Nb5 Nf6 15. Nxa7 Bd7 16. c5 g4 17. cxd6 cxd6 18. Qb3 Ng6 19. Bb6 Qe7 20. Bb5 gxf3 21. gxf3 Bh3 22. Rf2 Nd7 23. Bf1 Qh4 24. Rc1 Bf8 25. Bg2 Rg7 26. Kf1 Bxg2+ 27. Rxg2 Qh3 28. Ke2 Nf6 29. Qb4 Kh8 30. Nb5 Nh4 31. Rxg7 Qxh2+ 32. Kd1 Kxg7 33. Nxd6 Kg6 34. Bc5 Bxd6 35. Bxd6 Ng2 36. Nxg2 Qxg2 37. Rc3 Rd8 38. Qb6 Re8 39. a5 h5 40. Qxb7 h4 41. Rc7 Qxf3+ 42. Kc1 Qh1+ 43. Kd2 Nxe4+ 44. Kc2 Qg2+ 45. Kb3 Qf3+ 46. Ka2 Nxd6 47. Qc6 Rd8 48. Re7 Kf5 49. a6 h3 50. Rh7 Qd3 51. b3 Qb5 52. Qc2+ e4 53. Rxh3 Qxa6+ 54. Kb2 Ra8 55. Qd1 Qa2+ 56. Kc3 Rc8+ 57. Kb4 Rb8+ 58. Kc3 Nb5+ 59. Kc4 Na3+ 60. Kc3 Nb1+ 61. Kd4 Qa7+ 62. Kc4 Rc8+ 0-1

[Event "Las Tunas Guerrero Memorial-B"]
[Site "Las Tunas"]
[Date "2020.02.17"]
[Round "3.3"]
[White "Roll Renford, Evelio Amaurys"]
[Black "Perez Marimon, Jorge De Jesus"]
[Result "0-1"]
[WhiteElo "2211"]
[BlackElo "2237"]
[PlyCount "42"]
[EventDate "2020.02.16"]
[EventType "tourn"]
[EventRounds "10"]
[EventCountry "CUB"]
[SourceTitle "EXT 2023"]
[Source "ChessBase"]
[SourceDate "2022.10.05"]
[SourceVersion "1"]
[SourceVersionDate "2022.10.05"]
[SourceQuality "1"]

1. e4 e5 2. Nf3 Nc6 3. Bb5 a6 4. Ba4 Nf6 5. d4 exd4 6. 0-0 Be7 7. Qe2 b5 8. e5 Nxe5 9. Qxe5 bxa4 10. Re1 d6 11. Qxd4 0-0 12. Nc3 Bb7 13. Qd3 Qd7 14. Bg5 Rfe8 15. h3 h6 16. Bd2 Bf8 17. Nh4 g6 18. Qc4 g5 19. Ng6 Bg7 20. Rad1 d5 21. Qb4 c5 0-1

[Event "Moncada Cup-D"]
[Site "Santiago de Cuba"]
[Date "2019.03.28"]
[Round "9.2"]
[White "Roll Renford, Evelio Amaurys"]
[Black "Saiz Rodriguez, Daniel Evelio"]
[Result "0-1"]
[WhiteElo "2241"]
[BlackElo "2196"]
[PlyCount "82"]
[EventDate "2019.03.20"]
[EventType "tourn"]
[EventRounds "10"]
[EventCountry "CUB"]
[SourceTitle "EXT 2023"]
[Source "ChessBase"]
[SourceDate "2022.10.05"]
[SourceVersion "1"]
[SourceVersionDate "2022.10.05"]
[SourceQuality "1"]

1. e4 c5 2. Nc3 Nc6 3. Bb5 Nd4 4. Bc4 g6 5. Nf3 Bg7 6. d3 e6 7. 0-0 Ne7 8. Nxd4 cxd4 9. Nb5 d5 10. exd5 exd5 11. Bb3 a6 12. Na3 0-0 13. Bg5 Be6 14. Re1 Re8 15. Qf3 Qa5 16. Bf6 Bg4 17. Qxg4 Bxf6 18. Qd7 b5 19. Kf1 Rad8 20. Qg4 Nf5 21. Re2 h5 22. Qf3 Rxe2 23. Qxe2 Qb4 24. Nb1 a5 25. a4 bxa4 26. Rxa4 Qb8 27. g3 Re8 28. Qf3 Qe5 29. Qd1 h4 30. Kg2 Bd8 31. Nd2 Bc7 32. Nf3 Qf6 33. g4 h3+ 34. Kxh3 Nh4 35. Bxd5 Qd6 36. Rxd4 Qf6 37. Re4 Rd8 38. Nxh4 Rxd5 39. Qe2 Kh7 40. c4 Rd8 41. Nf3 Rf8 0-1

[Event "Moncada Cup-D"]
[Site "Santiago de Cuba"]
[Date "2019.03.26"]
[Round "7.1"]
[White "Roll Renford, Evelio Amaurys"]
[Black "Charon Mustelier, Manuel"]
[Result "1/2-1/2"]
[WhiteElo "2241"]
[BlackElo "2213"]
[PlyCount "37"]
[EventDate "2019.03.20"]
[EventType "tourn"]
[EventRounds "10"]
[EventCountry "CUB"]
[SourceTitle "EXT 2023"]
[Source "ChessBase"]
[SourceDate "2022.10.05"]
[SourceVersion "1"]
[SourceVersionDate "2022.10.05"]
[SourceQuality "1"]

1. e4 c5 2. Nf3 d6 3. d4 cxd4 4. Nxd4 Nf6 5. Nc3 a6 6. Bg5 e6 7. f4 Nbd7 8. Qf3 Qc7 9. 0-0-0 b5 10. e5 Bb7 11. Qh3 dxe5 12. Nxe6 fxe6 13. Qxe6+ Be7 14. Bxb5 axb5 15. Nxb5 Qb6 16. Nd6+ Kd8 17. Nf7+ Ke8 18. Nd6+ Kd8 19. Nf7+ 1/2-1/2

[Event "Moncada Cup-D"]
[Site "Santiago de Cuba"]
[Date "2019.03.21"]
[Round "2.1"]
[White "Charon Mustelier, Manuel"]
[Black "Roll Renford, Evelio Amaurys"]
[Result "1/2-1/2"]
[WhiteElo "2213"]
[BlackElo "2241"]
[PlyCount "32"]
[EventDate "2019.03.20"]
[EventType "tourn"]
[EventRounds "10"]
[EventCountry "CUB"]
[SourceTitle "EXT 2023"]
[Source "ChessBase"]
[SourceDate "2022.10.05"]
[SourceVersion "1"]
[SourceVersionDate "2022.10.05"]
[SourceQuality "1"]

1. e4 e5 2. Nf3 Nc6 3. Bb5 a6 4. Bxc6 dxc6 5. d4 exd4 6. Qxd4 Qxd4 7. Nxd4 Bd6 8. Nc3 c5 9. Nde2 Be6 10. Bf4 Bxf4 11. Nxf4 Bd7 12. 0-0-0 0-0-0 13. Rhe1 Ne7 14. Ncd5 Nxd5 15. Nxd5 Rhe8 16. f3 Be6 1/2-1/2

[Event "Las Tunas 28 de Enero-A"]
[Site "Las Tunas"]
[Date "2019.01.21"]
[Round "10.1"]
[White "Roll Renford, Evelio Amaurys"]
[Black "Parra Gomez, Adrian"]
[Result "1/2-1/2"]
[WhiteElo "2226"]
[BlackElo "2212"]
[PlyCount "44"]
[EventDate "2019.01.16"]
[EventType "tourn"]
[EventRounds "10"]
[EventCountry "CUB"]
[SourceTitle "EXT 2023"]
[Source "ChessBase"]
[SourceDate "2022.10.05"]
[SourceVersion "1"]
[SourceVersionDate "2022.10.05"]
[SourceQuality "1"]

1. e4 e5 2. Nf3 Nc6 3. Nc3 Nf6 4. Bb5 Bb4 5. 0-0 0-0 6. Bxc6 dxc6 7. Nxe5 Re8 8. Nd3 Bxc3 9. dxc3 Nxe4 10. Qf3 Qf6 11. Qxf6 Nxf6 12. Bf4 Bf5 13. Rfe1 Rxe1+ 14. Rxe1 Re8 15. Kf1 Rxe1+ 16. Kxe1 Ne8 17. Kd2 f6 18. f3 Bd7 19. h4 Kf7 20. c4 Bf5 21. c5 h5 22. b3 Ke6 1/2-1/2

[Event "Las Tunas 28 de Enero-A"]
[Site "Las Tunas"]
[Date "2019.01.19"]
[Round "7.1"]
[White "Perez Marimon, Jorge De Jesus"]
[Black "Roll Renford, Evelio Amaurys"]
[Result "1/2-1/2"]
[WhiteElo "2250"]
[BlackElo "2226"]
[PlyCount "154"]
[EventDate "2019.01.16"]
[EventType "tourn"]
[EventRounds "10"]
[EventCountry "CUB"]
[SourceTitle "EXT 2023"]
[Source "ChessBase"]
[SourceDate "2022.10.05"]
[SourceVersion "1"]
[SourceVersionDate "2022.10.05"]
[SourceQuality "1"]

1. d4 Nf6 2. c4 e6 3. Nc3 Bb4 4. e3 b6 5. Nf3 Bb7 6. Bd3 Ne4 7. Qc2 f5 8. 0-0 Bxc3 9. bxc3 0-0 10. d5 exd5 11. cxd5 Bxd5 12. Nd4 Nc6 13. f3 Nxd4 14. cxd4 Nd6 15. Ba3 Qg5 16. Rae1 c5 17. dxc5 Rac8 18. Ba6 Nb7 19. Qd3 Bc6 20. cxb6 Rf7 21. bxa7 Ra8 22. Bc4 d5 23. Bxd5 Bxd5 24. Qxd5 Rxa7 25. Rc1 Nd8 26. f4 Qf6 27. Bb4 Rad7 28. Qc4 h6 29. Rfd1 Kh7 30. Bc3 Qe7 31. Be5 Qa3 32. Qb3 Qa6 33. Qc2 Qa7 34. Bd4 Qa3 35. Rd3 Qa6 36. Rc3 Ne6 37. Rc6 Nxd4 38. Rxa6 Nxc2 39. Rxc2 Rfe7 40. Ra3 Rd1+ 41. Kf2 Rb7 42. Rb3 Rbd7 43. Rbb2 Ra1 44. Rc5 Kg6 45. h3 Rd6 46. g4 fxg4 47. hxg4 Rdd1 48. Kf3 Rg1 49. Rc6+ Kh7 50. Rh2 Raf1+ 51. Rf2 Ra1 52. f5 Rgd1 53. Kf4 Rd7 54. e4 Ra7 55. Rcc2 Ra4 56. Rce2 Rg1 57. Re3 Ra1 58. Ree2 Rg1 59. Rd2 Re1 60. Rfe2 Rf1+ 61. Ke3 Rg1 62. Rg2 Re1+ 63. Rde2 Ra3+ 64. Kf4 Rf1+ 65. Rgf2 Rg1 66. e5 Ra4+ 67. Re4 Rxg4+ 68. Kxg4 Rxe4+ 69. Rf4 Rxe5 70. a4 Ra5 71. Rd4 Kg8 72. Rb4 Kf7 73. Rb7+ Kf6 74. Rb6+ Kf7 75. Rb4 Kf6 76. Rf4 Kf7 77. Kf3 Kf6 1/2-1/2

[Event "Adelquis Remon Memorial-B"]
[Site "Holguin"]
[Date "2018.12.04"]
[Round "8.2"]
[White "Perez Marimon, Jorge De Jesus"]
[Black "Roll Renford, Evelio Amaurys"]
[Result "0-1"]
[WhiteElo "2251"]
[BlackElo "2213"]
[PlyCount "94"]
[EventDate "2018.11.30"]
[EventType "tourn"]
[EventRounds "10"]
[EventCountry "CUB"]
[SourceTitle "EXT 2023"]
[Source "ChessBase"]
[SourceDate "2022.10.05"]
[SourceVersion "1"]
[SourceVersionDate "2022.10.05"]
[SourceQuality "1"]

1. e4 e5 2. Nf3 Nc6 3. Bb5 a6 4. Ba4 d6 5. c3 Bd7 6. 0-0 Nf6 7. Re1 Be7 8. h3 0-0 9. d4 b5 10. Bc2 h6 11. Nbd2 Nh7 12. d5 Na7 13. Nf1 Ng5 14. N3h2 Nc8 15. Ne3 Nb6 16. Nhf1 g6 17. h4 Nh7 18. h5 Bg5 19. Nh2 Nf6 20. hxg6 fxg6 21. Nf3 Bf4 22. Nh4 Kg7 23. g3 Bxe3 24. Bxe3 Nc4 25. Bc1 Nh7 26. b3 Qf6 27. Rf1 Nb6 28. Be3 Bh3 29. Qd2 Ng5 30. f4 Bxf1 31. Rxf1 Kh7 32. Qh2 Nd7 33. Rf2 exf4 34. gxf4 Qxc3 35. Qg3 Nf6 36. fxg5 Nh5 37. Qh3 Qe1+ 38. Qf1 Qxe3 39. e5 Qxg5+ 40. Qg2 Rxf2 41. Bxg6+ Kg7 42. Qxg5 hxg5 43. Bxh5 gxh4 44. Kxf2 dxe5 45. Ke3 Rh8 46. Bf3 h3 47. Ke4 Kf6 0-1

[Event "Adelquis Remon Memorial-B"]
[Site "Holguin"]
[Date "2018.12.04"]
[Round "9.3"]
[White "Roll Renford, Evelio Amaurys"]
[Black "Garcia Martinez, Omar"]
[Result "1/2-1/2"]
[WhiteElo "2213"]
[BlackElo "2277"]
[PlyCount "30"]
[EventDate "2018.11.30"]
[EventType "tourn"]
[EventRounds "10"]
[EventCountry "CUB"]
[SourceTitle "EXT 2023"]
[Source "ChessBase"]
[SourceDate "2022.10.05"]
[SourceVersion "1"]
[SourceVersionDate "2022.10.05"]
[SourceQuality "1"]

1. e4 e5 2. Nf3 Nc6 3. Bb5 a6 4. Ba4 Nf6 5. 0-0 Be7 6. Re1 d6 7. c3 0-0 8. d4 Bd7 9. d5 Nb8 10. Bc2 a5 11. c4 Na6 12. Nc3 c6 13. Bg5 cxd5 14. Bxf6 Bxf6 15. Nxd5 Nc5 1/2-1/2

[Event "Adelquis Remon Memorial-B"]
[Site "Holguin"]
[Date "2018.12.03"]
[Round "7.2"]
[White "Roll Renford, Evelio Amaurys"]
[Black "Soria Delgado, Kadir"]
[Result "1/2-1/2"]
[WhiteElo "2213"]
[BlackElo "2248"]
[PlyCount "23"]
[EventDate "2018.11.30"]
[EventType "tourn"]
[EventRounds "10"]
[EventCountry "CUB"]
[SourceTitle "EXT 2023"]
[Source "ChessBase"]
[SourceDate "2022.10.05"]
[SourceVersion "1"]
[SourceVersionDate "2022.10.05"]
[SourceQuality "1"]

1. e4 e5 2. Nf3 Nc6 3. Bb5 a6 4. Bxc6 dxc6 5. d4 exd4 6. Qxd4 Qxd4 7. Nxd4 Bd7 8. Nc3 0-0-0 9. Be3 Nf6 10. f3 c5 11. Nde2 b5 12. 0-0-0 1/2-1/2

[Event "Santiago de Cuba Province-ch tt"]
[Site "Santiago de Cuba"]
[Date "2018.10.15"]
[Round "9.3"]
[White "Calderin Gamayo, Julio Cesar"]
[Black "Roll Renford, Evelio Amaurys"]
[Result "1-0"]
[WhiteElo "2160"]
[BlackElo "2193"]
[PlyCount "53"]
[EventDate "2018.10.09"]
[EventType "team-tourn"]
[EventRounds "10"]
[EventCountry "CUB"]
[SourceTitle "EXT 2021"]
[Source "ChessBase"]
[SourceDate "2020.10.23"]
[SourceVersion "1"]
[SourceVersionDate "2020.10.23"]
[SourceQuality "1"]

1. d4 Nf6 2. Nc3 d5 3. Bg5 Nbd7 4. f3 c5 5. e4 dxe4 6. fxe4 cxd4 7. Qxd4 Qa5 8. Nf3 e5 9. Qc4 Bb4 10. Bd2 Qb6 11. 0-0-0 Bxc3 12. Bxc3 Qe3+ 13. Kb1 Qxe4 14. Bb4 Qxc4 15. Bxc4 Nb6 16. Nxe5 Be6 17. Bb5+ Nfd7 18. Nxd7 Nxd7 19. Rxd7 Bxd7 20. Re1+ Kd8 21. Rd1 Kc7 22. Rxd7+ Kb6 23. Bd3 f6 24. a4 Rad8 25. Rxg7 Rd4 26. Bc3 Rf4 27. g3 1-0

[Event "Santiago de Cuba Province-ch tt"]
[Site "Santiago de Cuba"]
[Date "2018.10.12"]
[Round "6.2"]
[White "Neyra Ferrer, Jose Asdrubal"]
[Black "Roll Renford, Evelio Amaurys"]
[Result "1/2-1/2"]
[WhiteElo "2180"]
[BlackElo "2193"]
[PlyCount "40"]
[EventDate "2018.10.09"]
[EventType "team-tourn"]
[EventRounds "10"]
[EventCountry "CUB"]
[SourceTitle "EXT 2021"]
[Source "ChessBase"]
[SourceDate "2020.10.23"]
[SourceVersion "1"]
[SourceVersionDate "2020.10.23"]
[SourceQuality "1"]

1. e4 e5 2. Nf3 Nf6 3. Nxe5 d6 4. Nf3 Nxe4 5. d4 d5 6. Bd3 Nc6 7. 0-0 Be7 8. c4 Nb4 9. Be2 0-0 10. Nc3 Be6 11. a3 Nxc3 12. bxc3 Nc6 13. cxd5 Bxd5 14. Nd2 Na5 15. Bd3 b6 16. Qc2 h6 17. Bb2 Bb7 18. Ne4 b5 19. a4 a6 20. axb5 axb5 1/2-1/2

[Event "Santiago de Cuba Province-ch tt"]
[Site "Santiago de Cuba"]
[Date "2018.10.10"]
[Round "2.3"]
[White "Melendez Padro, David"]
[Black "Roll Renford, Evelio Amaurys"]
[Result "0-1"]
[WhiteElo "2168"]
[BlackElo "2193"]
[PlyCount "92"]
[EventDate "2018.10.09"]
[EventType "team-tourn"]
[EventRounds "10"]
[EventCountry "CUB"]
[SourceTitle "EXT 2021"]
[Source "ChessBase"]
[SourceDate "2020.10.23"]
[SourceVersion "1"]
[SourceVersionDate "2020.10.23"]
[SourceQuality "1"]

1. d4 Nf6 2. c4 g6 3. Nc3 Bg7 4. e4 d6 5. f3 0-0 6. Be3 e5 7. Nge2 Nh5 8. d5 f5 9. Qd2 Nd7 10. 0-0-0 f4 11. Bf2 a6 12. Kb1 Rb8 13. Nc1 b6 14. Be2 Nc5 15. Ka1 Bd7 16. Nd3 Qe7 17. b4 Na4 18. Nxa4 Bxa4 19. Rc1 Rfd8 20. c5 dxc5 21. Nb2 Bb5 22. Bxb5 axb5 23. bxc5 bxc5 24. Rxc5 Bf8 25. Rhc1 Rdc8 26. Qc3 Rb7 27. Qb3 Kh8 28. Rxb5 Rxb5 29. Qxb5 Qa3 30. Bc5 Bxc5 31. Qxc5 Qa6 32. d6 Ra8 33. Qxe5+ Ng7 34. Qd5 cxd6 35. a4 Rb8 36. Qc6 Qe2 37. Rc2 Qe1+ 38. Ka2 Qb4 39. Qc3 Qb6 40. Rd2 h6 41. Qd3 Kh7 42. Qxd6 Qb3+ 43. Ka1 Rb4 44. Qd3 Qe6 45. Qd5 Qb6 46. Qd6 Rxb2 0-1

[Event "Santiago de Cuba Province-ch tt"]
[Site "Santiago de Cuba"]
[Date "2018.10.09"]
[Round "1.2"]
[White "Roll Renford, Evelio Amaurys"]
[Black "Neyra Ferrer, Jose Asdrubal"]
[Result "1/2-1/2"]
[WhiteElo "2193"]
[BlackElo "2180"]
[PlyCount "28"]
[EventDate "2018.10.09"]
[EventType "team-tourn"]
[EventRounds "10"]
[EventCountry "CUB"]
[SourceTitle "EXT 2021"]
[Source "ChessBase"]
[SourceDate "2020.10.23"]
[SourceVersion "1"]
[SourceVersionDate "2020.10.23"]
[SourceQuality "1"]

1. e4 e5 2. Nf3 Nc6 3. Bb5 a6 4. Bxc6 dxc6 5. d4 exd4 6. Qxd4 Qxd4 7. Nxd4 c5 8. Nb3 Be6 9. Be3 b6 10. Nc3 Bd6 11. 0-0 Nf6 12. h3 Be5 13. Nd2 0-0-0 14. Rfd1 Rd7 1/2-1/2

[Event "Santiago de Cuba Province-ch Mix1"]
[Site "Santiago de Cuba"]
[Date "2018.09.22"]
[Round "6"]
[White "Linares Napoles, Oleiny"]
[Black "Roll Renford, Evelio Amaurys"]
[Result "1/2-1/2"]
[WhiteElo "2231"]
[BlackElo "2193"]
[PlyCount "70"]
[EventDate "2018.09.19"]
[EventType "tourn"]
[EventRounds "10"]
[EventCountry "CUB"]
[SourceTitle "EXT 2021"]
[Source "ChessBase"]
[SourceDate "2020.10.23"]
[SourceVersion "1"]
[SourceVersionDate "2020.10.23"]
[SourceQuality "1"]

1. Nf3 c5 2. b3 Nf6 3. Bb2 d5 4. e3 Nc6 5. Bb5 Bd7 6. 0-0 e6 7. d4 Qc7 8. Nbd2 Bd6 9. c4 cxd4 10. exd4 a6 11. Ba4 0-0 12. Rc1 Qb8 13. Bxc6 Bxc6 14. Ne5 dxc4 15. bxc4 Qc7 16. Qe2 Rad8 17. Rfe1 Qa5 18. Bc3 Bb4 19. Nb3 Qa4 20. Bxb4 Qxb4 21. Nxc6 bxc6 22. Red1 Rb8 23. Nc5 Qa3 24. Rc2 Rfd8 25. h3 h6 26. g3 Rb6 27. Kg2 Rdb8 28. Rd3 Qa5 29. Rb3 Rxb3 30. axb3 Qa1 31. Rd2 a5 32. Rd1 Qc3 33. Rd3 Qa1 34. Rd1 Qc3 35. Rd3 Qa1 1/2-1/2

[Event "Santiago de Cuba Province-ch Mix1"]
[Site "Santiago de Cuba"]
[Date "2018.09.20"]
[Round "3"]
[White "De la Fe Almeida, Enmanuel Jesus"]
[Black "Roll Renford, Evelio Amaurys"]
[Result "1/2-1/2"]
[WhiteElo "2308"]
[BlackElo "2193"]
[PlyCount "32"]
[EventDate "2018.09.19"]
[EventType "tourn"]
[EventRounds "10"]
[EventCountry "CUB"]
[SourceTitle "EXT 2021"]
[Source "ChessBase"]
[SourceDate "2020.10.23"]
[SourceVersion "1"]
[SourceVersionDate "2020.10.23"]
[SourceQuality "1"]

1. d4 Nf6 2. c4 g6 3. Nc3 Bg7 4. e4 d6 5. Nf3 0-0 6. Be2 e5 7. 0-0 Nc6 8. d5 Ne7 9. b4 Ne8 10. c5 f5 11. Nd2 f4 12. Nc4 g5 13. Bg4 Ng6 14. Bxc8 Qxc8 15. f3 Nh4 16. Bd2 Rf6 1/2-1/2

[Event "Santiago de Cuba Province-ch Mix1"]
[Site "Santiago de Cuba"]
[Date "2018.09.19"]
[Round "1"]
[White "Roll Renford, Evelio Amaurys"]
[Black "Linares Napoles, Oleiny"]
[Result "0-1"]
[WhiteElo "2193"]
[BlackElo "2231"]
[PlyCount "78"]
[EventDate "2018.09.19"]
[EventType "tourn"]
[EventRounds "10"]
[EventCountry "CUB"]
[SourceTitle "EXT 2021"]
[Source "ChessBase"]
[SourceDate "2020.10.23"]
[SourceVersion "1"]
[SourceVersionDate "2020.10.23"]
[SourceQuality "1"]

1. e4 c5 2. Nf3 e6 3. d4 cxd4 4. Nxd4 a6 5. Bd3 Nf6 6. Qe2 d6 7. c4 g6 8. Nc3 Bg7 9. 0-0 0-0 10. Be3 b6 11. Rad1 Bb7 12. Nb3 Nbd7 13. f3 Qc7 14. Qf2 Rfe8 15. Na4 Nc5 16. Nbxc5 bxc5 17. e5 dxe5 18. Nxc5 Rad8 19. Nxb7 Qxb7 20. Bb6 Rb8 21. c5 Nd5 22. Be4 f5 23. Bc2 Nxb6 24. cxb6 Qxb6 25. Bb3 Bf8 26. Rc1 Kf7 27. Rfd1 Qxf2+ 28. Kxf2 Rec8 29. Rd7+ Be7 30. Rcc7 Rxc7 31. Rxc7 Rb6 32. Ke2 Kf6 33. Kd3 h5 34. Kc2 Bd6 35. Ra7 Bc5 36. Bc4 Rb4 37. Rxa6 Rxc4+ 38. Kd3 Rd4+ 39. Kc2 e4 0-1

[Event "Moncada Cup-C"]
[Site "Santiago de Cuba"]
[Date "2018.03.27"]
[Round "10"]
[White "Saiz Rodriguez, Daniel Evelio"]
[Black "Roll Renford, Evelio Amaurys"]
[Result "0-1"]
[WhiteElo "2256"]
[BlackElo "2191"]
[PlyCount "56"]
[EventDate "2018.03.20"]
[EventType "tourn"]
[EventRounds "10"]
[EventCountry "CUB"]
[SourceTitle "EXT 2021"]
[Source "ChessBase"]
[SourceDate "2020.10.23"]
[SourceVersion "1"]
[SourceVersionDate "2020.10.23"]
[SourceQuality "1"]

1. e4 e5 2. Nf3 Nc6 3. Bc4 Nf6 4. d3 h6 5. c3 Be7 6. Bb3 0-0 7. Nbd2 d5 8. Qe2 dxe4 9. dxe4 Nd7 10. 0-0 Nc5 11. Bd5 Bd6 12. Nc4 Ne7 13. Nxd6 Qxd6 14. Rd1 Qf6 15. Qe3 Ne6 16. g3 Ng6 17. h4 Nef4 18. gxf4 Bg4 19. Rd3 Nxh4 20. Bd2 c6 21. fxe5 Nxf3+ 22. Qxf3 Qxf3 23. Rxf3 Bxf3 24. Bb3 Rad8 25. Be3 Rfe8 26. Bd4 c5 27. Bxc5 Rxe5 28. Bxa7 Rh5 0-1

[Event "Moncada Cup-C"]
[Site "Santiago de Cuba"]
[Date "2018.03.23"]
[Round "5"]
[White "Roll Renford, Evelio Amaurys"]
[Black "Saiz Rodriguez, Daniel Evelio"]
[Result "1-0"]
[WhiteElo "2191"]
[BlackElo "2256"]
[PlyCount "89"]
[EventDate "2018.03.20"]
[EventType "tourn"]
[EventRounds "10"]
[EventCountry "CUB"]
[SourceTitle "EXT 2021"]
[Source "ChessBase"]
[SourceDate "2020.10.23"]
[SourceVersion "1"]
[SourceVersionDate "2020.10.23"]
[SourceQuality "1"]

1. Nf3 c5 2. e3 Nf6 3. d4 e6 4. Bd3 Nc6 5. 0-0 d5 6. b3 Bd6 7. Bb2 0-0 8. a3 b6 9. Ne5 Bb7 10. Nd2 Rc8 11. f4 Ne7 12. Rf3 cxd4 13. Rh3 Ng6 14. Bxd4 Bc5 15. Ndf3 Ne4 16. b4 Bxd4 17. Nxd4 Nxe5 18. Qh5 h6 19. Qxe5 Qf6 20. Qh5 Rc3 21. Rf1 Rxa3 22. g4 Qg6 23. Qxg6 fxg6 24. Nxe6 Re8 25. Nd4 Bc8 26. f5 g5 27. Nb5 Ra4 28. Rb1 Re7 29. Nd4 Bd7 30. Bxe4 Rxe4 31. Rg3 Ra3 32. Kf2 Kf7 33. Rd1 Ra4 34. Rb1 Ke7 35. Rb3 Kd6 36. h3 Ra2 37. Rc3 Rb2 38. Ra3 Rxb4 39. Rxa7 Rb2 40. Rf3 Re7 41. f6 gxf6 42. Rxf6+ Ke5 43. Rxh6 Rf7+ 44. Kg2 Ke4 45. Rxd7 1-0